000
00297nam a22001337a 4500
008
170216b xxu||||| |||| 00| 0 eng d
020
_a
072167562X
041
_a
eng
080
_a
61
100
_a
4
101
_a
SHM
245
_a
DIAGNOSIS OF BONE AND JOINT DISORDERS
_c
RESNICK
942
_2
udc
_c
BK
999
_c
5618
_d
5618